| 000 | 00762nam a2200217 a 4500 | ||
|---|---|---|---|
| 005 | 20230511063524.0 | ||
| 008 | 991125s1993 mx 000 0 spa u | ||
| 020 | _a9683628877 | ||
| 035 | _aUPN01000003114 | ||
| 049 | _aCG | ||
| 050 | 4 |
_aF1234 F5 _bA5 1993 |
|
| 100 | 1 |
_aFlores Magón, Ricardo, _d1873-1922 |
|
| 245 | 1 | 0 |
_aAntología / _cRicardo Flores Magón ; introd. y selec. Gonzalo Aguirre Beltrán ; dibs. Alberto Beltrán. |
| 250 | _a4a ed. | ||
| 260 |
_aMéxico : _bUNAM, Dirección General de Publicaciones, _c1993. |
||
| 300 |
_alvi, 144 p. : _bil. |
||
| 440 | 0 |
_aBiblioteca del estudiante universitario ; _v93 |
|
| 651 | 4 |
_aMéxico _xHistoria _yRevolución, 1910-1917 _9223 |
|
| 700 | 1 |
_aAguirre Beltrán, Gonzalo, _d1908-1996 _ecomp. |
|
| 905 | _aLibro | ||
| 999 |
_c3114 _d3114 |
||